| 000 | 00606nam a22001937a 4500 | ||
|---|---|---|---|
| 005 | 20251108173655.0 | ||
| 008 | 250721s2002 xx 000 0 ara d | ||
| 020 | _a9960400549 | ||
| 082 | 1 | 4 | _a658.31/كات |
| 100 | 1 | _aكاتزنباخ، جون ر | |
| 245 | 1 | 0 | _aالأداء المميز: التوافق بين العقل و القلب / |
| 264 | 1 |
_aالرياض : _bمكتبة العبيكان، _c2002. |
|
| 300 | _a424 ص. | ||
| 650 | 1 | 7 | _aإدارة الأفراد |
| 650 | 1 | 7 | _aتقييم الأداء |
| 700 | 1 |
_aشموط، محمد حسن _eTran. |
|
| 942 |
_2ddc _cBK |
||
| 999 |
_c109629 _d109629 |
||